You won't get 100% on this 'The Simpsons' quiz? Stats

 Plays Quiz not verified by Sporcle

Support Sporcle.
Go Orange.
Score 0/20 Timer 13:00
0 Plays Today
Question Answer Wrong Answers
Where does Marge hide the Christmas money? In her hair
91.4%
In the glove compartment of her car
2.4%
In the attic
2.4%
Under her bed
2.1%
What delicacy poisoned Homer at the sushi restaurant, The Happy Sumo? Fugu
70.3%
Elderberries
7%
Bullfrog
18.9%
Mistletoe
2.4%
What’s the name of the retirement home where Homer’s father, Abraham Simpson, lives? Springfield Retirement Castle
68.6%
Sleepy Acres
20.6%
Knocking on Heaven's Door Nursing Home
7.6%
Go Into the Light Nursing Retirement Home
3.1%
What is the name of Homer's brother? Herbert Powell
67.2%
Hank Powell
24.8%
Henry Powell
3.1%
Harvey Powell
3.2%
What is the name of Lisa’s English husband? Hugh Parkfield
63.2%
Thomas Sanderson
12.1%
Reginald DeWitt
18.8%
Stephen Henry
5.5%
What is the name of Selma's pet iguana? Jub-Jub
63%
Chub-Chub
25.9%
Ruba-Dub
4.7%
Lub-Lub
5.1%
Who did Barney replace in the Be Sharps? Chief Wiggum
61%
Skinner
16.9%
Ned Flanders
7.9%
Moe Szyslak
12.6%
What is Homer’s secret shame? Eating flowers
52.7%
Illiteracy
22.2%
He's left handed
18.9%
A secret child
5.3%
When The Simpsons go into witness protection, what is their new surname? Thompson
49%
Sanderson
11%
Elway
2.6%
Sampson
36.8%
In what year did the first episode of The Simpsons air? 1989
47.2%
1987
24.6%
1988
14.9%
1990
13.3%
What’s Marge’s natural hair colour? Grey
45.5%
Blue
37.3%
Yellow
8.4%
White
8.5%
The proposed law that would see Apu deported was called... Proposition 24
41.8%
Proposition 18
12.1%
Proposition 32
22.2%
Proposition 48
23.2%
How much is the bill from Bart’s collect call to Australia? Nine-hundred dollarydoos
40.5%
Six-hundred dollarydoos
13.5%
Seven-hundred dollarydoos
17.9%
Eight-hundred dollarydoos
26.6%
In the original opening sequence, the price that appears on the cash register when Maggie is scanned is what? $847.63
33%
$84.77
27%
$81.69
17.6%
$877.43
21.2%
In the episode A Star is Burns, what is Barney's short film called? Pukahontas
26%
Casablackout
23.1%
The Beer Hunter
23.6%
Gone With the Gin
25.5%
Which of Paul McCartney’s songs played backward holds the recipe for ‘a really ripping lentil soup'? Maybe I'm Amazed
24.4%
Band on the Run
18.3%
Live and Let Die
38.9%
Mull of Kintyre
16.9%
How many cats have the Simpsons had? Five
24%
Four
41.1%
Six
13.8%
Seven
20.1%
What product does Pele endorse before the match between Mexico and Portugal in Springfield? Wax paper
23%
Viagra
36.5%
Apple juice
14.2%
Mouthwash
26.2%
How many times has Krusty the Clown been married? 15
16.6%
12
35.1%
13
29.5%
14
18.4%
What’s Bart’s full name? Bartholomew JoJo Simpson
14.2%
Bartholomew Jay Simpson
53.6%
Bartholomew Junior Simpson
5%
Bartholomew Jebediah Simpson
26.4%

You're not logged in!

Compare scores with friends on all Sporcle quizzes.
OR
Log In

From the Vault

Finish the Country

by strokes_static

Just make sure you're not finishing the country in Finnish.
Remove Ads.
Support Sporcle.
Get the best of Sporcle when you Go Orange. This ad-free experience offers more features, more stats, and more fun while also helping to support Sporcle. Thank you for becoming a member.

Show Comments

Extras

Top Quizzes Today


Score Distribution

Your Account Isn't Verified!

In order to create a playlist on Sporcle, you need to verify the email address you used during registration. Go to your Sporcle Settings to finish the process.

Report this User

Report this user for behavior that violates our Community Guidelines.

Details: